| 000 | 00361nam a22001337a 4500 | ||
|---|---|---|---|
| 008 | 230623b xxu||||| |||| 00| 0 eng d | ||
| 020 | _a9966900721 | ||
| 082 |
_a330. _bINA |
||
| 245 | _aTaxation of Financial Assets and Capital Market Development in Nigeria | ||
| 260 |
_b Economic Research Consortium _c1996 |
||
| 300 | _a44p | ||
| 440 | _n47 | ||
| 942 |
_2ddc _cBK |
||
| 999 |
_c2437 _d2437 |
||